[Event "SVK-chT"]
[Site "?"]
[Date "1994.??.??"]
[Round "?"]
[White "Lisko, Frantisek"]
[Black "Fabian, Jaroslav"]
[Result "0-1"]
[WhiteElo "2350"]
[BlackElo "2250"]

1.d4 Nf6 2.c4 g6 3.Nc3 d5 4.cxd5 Nxd5 5.e4 Nxc3 6.bxc3 Bg7 7.Bc4 O-O 8.h4 h6
9.Be3 c5 10.Ne2 cxd4 11.cxd4 Nc6 12.Rb1 e6 13.f4 Na5 14.Bd3 f5 15.h5 g5 16.fxg5 hxg5
17.h6 Bf6 18.e5 Be7 19.Nc3 Kh8 20.Qh5 Bd7 21.h7 Rc8 22.Ne2 Nc4 23.Bxc4 Rxc4
24.Rxb7 f4 25.Bd2 Bc6 26.Rxa7 Bxg2 27.Rh2 f3 28.Be3 Rc2 29.Nf4 gxf4 30.Qg6 Re2+  0-1

[Event "SWE-chT 9394"]
[Site "SWE"]
[Date "1994.??.??"]
[Round "9"]
[White "Barkhagen, Jonas"]
[Black "Piuva, Matti"]
[Result "1-0"]
[WhiteElo "2410"]
[BlackElo "2205"]

1.d4 Nf6 2.c4 g6 3.Nc3 d5 4.cxd5 Nxd5 5.e4 Nxc3 6.bxc3 Bg7 7.Bc4 c5 8.Ne2 Nc6
9.Be3 O-O 10.O-O Bg4 11.f3 Bd7 12.Qd2 Qa5 13.Qb2 cxd4 14.cxd4 b5 15.Bd3 Rab8
16.f4 Bg4 17.h3 Bxe2 18.Bxe2 Qb4 19.Qxb4 Nxb4 20.Kf2 Nc2 21.Rad1 e6 22.d5 exd5
23.Rxd5 Nxe3 24.Kxe3 b4 25.Bc4 Rfd8 26.f5 Rxd5 27.Bxd5 gxf5 28.Rxf5 Rf8 29.Bb3 Bc3
30.Rg5+ Kh8 31.Rb5 f6 32.Rb7 Ra8 33.h4 a5 34.Ba4 Rg8 35.Kf3 Be1 36.h5 h6
37.Bb3 Ra8 38.Kg4 a4 39.Bd5 f5+ 40.Kxf5 Bc3 41.e5 Ra6 42.e6 b3 43.Rb8+ Kg7
44.e7 Rf6+ 45.Kg4  1-0

[Event "SWZ-chT"]
[Site "SWZ"]
[Date "1994.??.??"]
[Round "6"]
[White "Manevich, Victor"]
[Black "Rodel, W."]
[Result "1/2-1/2"]
[WhiteElo "2150"]
[BlackElo "2050"]

1.d4 Nf6 2.c4 g6 3.Nc3 d5 4.cxd5 Nxd5 5.e4 Nxc3 6.bxc3 Bg7 7.Qa4+ Nd7 8.Qa3 O-O
9.Nf3 c5 10.dxc5 Qc7 11.Be3 b6 12.Bd4 Nxc5 13.Bxc5 Qxc5 14.Qxc5 bxc5 15.Kd2 Bb7
16.Re1 Rfd8+ 17.Kc2 Bc6 18.Bc4 e6 19.Nd2 Rd7 20.f3 Rad8 21.Rd1 Ba4+ 22.Bb3 Bb5
23.c4 Bc6 24.Nb1 Bd4 25.Nc3 Be3 26.Rxd7 Rxd7 27.Rd1 Rxd1 28.Kxd1 a6 29.Ke2 Bd4
30.Kd3 g5 31.h3 Kg7 32.Ba4 Bb7 33.Ne2 Be5 34.Nc1 Kf6 35.Ke2 h5 36.Nd3 Bd4
37.Nc1 g4 38.hxg4 hxg4 39.Nd3 Kg5 40.Be8 f5 41.exf5 gxf3+ 42.gxf3 exf5 43.Bd7 f4
44.Nc1 Bc3 45.Nb3 Bb4 46.Nc1 Bc3 47.Nd3 Bd4  1/2-1/2

[Event "Wch U18"]
[Site "Szeged"]
[Date "1994.??.??"]
[Round "4"]
[White "Gyimesi, Zoltan"]
[Black "Mirumian, Vigen"]
[Result "1/2-1/2"]
[WhiteElo "2360"]
[BlackElo "2290"]

1.d4 Nf6 2.c4 g6 3.Nc3 d5 4.cxd5 Nxd5 5.e4 Nxc3 6.bxc3 Bg7 7.Bb5+ c6 8.Ba4 O-O
9.Ne2 e5 10.O-O Nd7 11.Bb3 Qe7 12.Qc2 Re8 13.f3 Nb6 14.a4 Be6 15.Ba3 Bxb3
16.Qxb3 Qe6 17.Qxe6 Rxe6 18.a5 Nc4 19.Rfb1 b6 20.axb6 axb6 21.Bc1 Ree8 22.Kf2 f6
23.Be3 Bf8 24.g4 Ba3 25.h4 Bb2 26.Rxa8 Rxa8 27.dxe5 fxe5 28.Bxb6 Ra2 29.Bc5 Nd2
30.Re1 Nb3 31.Be3 Bxc3 32.Rd1 Bd4 33.f4 c5 34.fxe5 Bxe5 35.Rd8+ Kf7 36.Rc8 Bd4
37.Kf3 Ra3 38.Nxd4 cxd4 39.Bh6 Nc5+ 40.Kf4 Nd3+ 41.Kf3 Nc5+ 42.Kf4 Nd3+  1/2-1/2

[Event "Szekszard op"]
[Site "Szekszard"]
[Date "1994.??.??"]
[Round "4"]
[White "Lukacs, Peter"]
[Black "Horvath, Miklos"]
[Result "1-0"]
[WhiteElo "2490"]
[BlackElo "2275"]

1.d4 Nf6 2.c4 g6 3.Nc3 d5 4.cxd5 Nxd5 5.e4 Nxc3 6.bxc3 Bg7 7.Bc4 c5 8.Ne2 O-O
9.O-O Nc6 10.Be3 cxd4 11.cxd4 Bg4 12.f3 Na5 13.Bd3 Be6 14.Rc1 Bxa2 15.Qa4 Be6
16.d5 Bd7 17.Qb4 b5 18.Nd4 a6 19.Rfd1 Rc8 20.Rxc8 Bxc8 21.Be2 Be5 22.Ra1 Bc7
23.Qb2 Qd6 24.g3 Bb6 25.Kg2 Rd8 26.Rd1 Qf6 27.f4 Qg7 28.Qa3 Re8 29.Ne6 fxe6
30.Bxb6 Nc4 31.Bxc4 bxc4 32.Bd4 Qf7 33.d6 exd6 34.Qxd6 e5 35.Bxe5 Bb7 36.Kg1 Bxe4
37.Qxa6 Qe6 38.Qa7 Re7 39.Rd8+ Kf7 40.Qb8 Re8 41.Rxe8 Qxe8 42.Qc7+ Ke6 43.Qd6+ Kf5
44.Qf6+ Kg4 45.Kf2  1-0

[Event "ISR-ch"]
[Site "Tel Aviv"]
[Date "1994.??.??"]
[Round "3"]
[White "Alterman, Boris"]
[Black "Tseitlin, Mark D"]
[Result "1/2-1/2"]
[WhiteElo "2585"]
[BlackElo "2465"]

1.d4 Nf6 2.c4 g6 3.Nc3 d5 4.cxd5 Nxd5 5.e4 Nxc3 6.bxc3 Bg7 7.Nf3 c5 8.Rb1 O-O
9.Be2 Nc6 10.d5 Ne5 11.Nxe5 Bxe5 12.Qd2 e6 13.f4 Bg7 14.c4 b6 15.Bb2 Bxb2
16.Rxb2 Ba6 17.O-O exd5 18.cxd5 Bxe2 19.Qxe2 f5 20.exf5 Qxd5 21.fxg6 Qd4+
22.Kh1  1/2-1/2

[Event "ISR-ch"]
[Site "Tel Aviv"]
[Date "1994.??.??"]
[Round "4"]
[White "Mashian, Yaacov"]
[Black "Zoler, Dan"]
[Result "1/2-1/2"]
[WhiteElo "2205"]
[BlackElo "2420"]

1.d4 Nf6 2.c4 g6 3.Nc3 d5 4.cxd5 Nxd5 5.e4 Nxc3 6.bxc3 Bg7 7.Be3 c5 8.Qd2 O-O
9.Rc1 Nd7 10.d5 b6 11.Bb5 f5 12.exf5 Rxf5 13.Nf3 Nf6 14.O-O Ne4 15.Qd3  1/2-1/2

[Event "Terrassa op"]
[Site "Terrassa"]
[Date "1994.??.??"]
[Round "9"]
[White "Gual Pascual, Antonio"]
[Black "Zair, Abdelkarim"]
[Result "1/2-1/2"]
[WhiteElo "2395"]
[BlackElo "2265"]

1.d4 Nf6 2.c4 g6 3.Nc3 d5 4.cxd5 Nxd5 5.e4 Nxc3 6.bxc3 Bg7 7.Nf3 O-O 8.Be2 c5
9.O-O cxd4 10.cxd4 b6 11.Bg5 Bb7 12.Qd3 Nc6 13.Rad1 Qd7 14.d5 Ne5 15.Nxe5 Bxe5
16.f4 Bg7 17.e5 f6 18.exf6 Bxf6 19.Bh6 Rfd8 20.Qg3 Kh8 21.Bg4 Qd6 22.Bf3 Qc5+
23.Qf2 Rac8 24.Bg5 Bxg5 25.fxg5 Bxd5 26.Qxc5 Rxc5 27.Rfe1 e6 28.Rxe6 Bxe6
29.Rxd8+ Kg7 30.Re8 Bf7 31.Re7 a5 32.h4 b5 33.a3 b4 34.axb4 axb4 35.Rb7 b3
36.Kf2 Kf8 37.Ke3 Rc3+ 38.Kd4 Rc4+ 39.Ke5 Rc5+ 40.Kd4 Rc4+ 41.Ke5 Rxh4 42.Rb8+ Kg7
43.Rb7  1/2-1/2

[Event "Four Nations Team U20"]
[Site "Tjele"]
[Date "1994.??.??"]
[Round "2"]
[White "Andersson, Tommy"]
[Black "Salmensuu, Olli"]
[Result "1/2-1/2"]
[WhiteElo "2135"]
[BlackElo "2195"]

1.d4 Nf6 2.c4 g6 3.Nc3 d5 4.cxd5 Nxd5 5.e4 Nxc3 6.bxc3 Bg7 7.Bc4 c5 8.Ne2 Nc6
9.Be3 O-O 10.O-O Qc7 11.Rc1 Rd8 12.Bf4 Qa5 13.Qb3 Rf8 14.Rfd1 Nd8 15.d5 e5
16.Bg5 f6 17.Be3 Bd7 18.Bd3 Rb8 19.Rb1 Nf7 20.d6 Kh8 21.Bc4 Nd8 22.Rd5 Rc8
23.h4 b5 24.Bxb5 Be6 25.Qa4 Qxa4 26.Bxa4 Bxd5 27.d7 Rc6 28.exd5 Rb6 29.Rb3 c4
30.Rxb6 axb6 31.Bxb6 f5 32.Bb5 Bf6 33.Bc7 Nf7 34.Bxc4 Ra8 35.d6 Kg7 36.Bd5 Ra7
37.Bxf7 Kxf7 38.d8=Q Bxd8 39.Bxd8 Rxa2 40.Ng3 Ke6 41.Be7 Rc2 42.h5 Rxc3 43.hxg6 hxg6
44.Nf1 Rc1 45.g3 f4 46.f3 Rc2 47.gxf4 exf4 48.Nh2 Rc1+ 49.Kf2 Rc2+ 50.Kg1 Rc1+
51.Kg2 Rc2+ 52.Kh3 Rf2 53.Bg5 Kxd6 54.Bxf4+ Ke6 55.Kg3 Ra2 56.Ng4 Kf7 57.Kh4 Ra5
58.Be5 Ke6 59.f4 Kf5 60.Bc7 g5+ 61.Kh5 Ra7 62.Nh6+ Ke4 63.Bb6  1/2-1/2

[Event "SVK-ch"]
[Site "Topolcianky"]
[Date "1994.??.??"]
[Round "5"]
[White "Balogh, Peter"]
[Black "Banas, Jan"]
[Result "0-1"]
[WhiteElo "2295"]
[BlackElo "2390"]

1.d4 Nf6 2.c4 g6 3.Nc3 d5 4.cxd5 Nxd5 5.e4 Nxc3 6.bxc3 Bg7 7.Bb5+ c6 8.Ba4 O-O
9.Ne2 a5 10.Bb3 b5 11.a4 Nd7 12.O-O Ba6 13.Re1 e5 14.Ba3 Re8 15.d5 bxa4 16.Bxa4 cxd5
17.exd5 Qc7 18.Bc6 Bb7 19.Bxb7 Qxb7 20.c4 Rec8 21.Qa4 Nb6 22.Qb5 Qa6 23.Qxa6 Rxa6
24.c5 Nxd5 25.Red1 Nc7 26.Rab1 Ne6 27.Rd5 Rac6 28.Rc1 e4 29.Rc4 Bf8 30.Rxe4 Bxc5
31.Bxc5 Rxc5 32.Rd1 Rc4 33.Rxc4 Rxc4 34.Ra1 a4 35.Kf1 Nc5 36.Ke1 Nd3+ 37.Kf1 Kf8
38.Ra3 Nc5 39.Ke1 Ke7 40.Kd2 Kd6 41.Nc3 Kc6 42.Nb1 Ne4+ 43.Ke2 f5 44.f3 Nc5
45.Ra2 Kb6 46.Rb2+ Ka5 47.Na3 Rc3 48.Nc2 a3 49.Ra2 Ka4 50.Kd2 Rd3+ 51.Ke2 Kb3
52.Rxa3+ Kxc2  0-1

[Event "SVK-ch"]
[Site "Topolcianky"]
[Date "1994.??.??"]
[Round "7"]
[White "Debnar, Lubos"]
[Black "Konopka, Michal"]
[Result "0-1"]
[WhiteElo "2270"]
[BlackElo "2455"]

1.d4 Nf6 2.c4 g6 3.Nc3 d5 4.cxd5 Nxd5 5.e4 Nxc3 6.bxc3 Bg7 7.Bc4 O-O 8.Ne2 Nc6
9.O-O b6 10.Be3 Bb7 11.f4 Na5 12.Bd3 f5 13.exf5 Qd5 14.Rf2 gxf5 15.Qa4 c5
16.c4 Qe6 17.Bd2 Be4 18.Bxe4 Qxe4 19.Bxa5 bxa5 20.Rd1 cxd4 21.Ng3 Qe6 22.Re2 Qf7
23.c5 Rfd8 24.c6 Rac8 25.Qc2 e6 26.Qc5 d3 27.Re5 Bxe5 28.fxe5 Qc7 29.Qc4 Qxe5
30.Rxd3 Rxd3 31.Qxd3 Qc5+  0-1

[Event "SVK-ch"]
[Site "Topolcianky"]
[Date "1994.??.??"]
[Round "11"]
[White "Balogh, Peter"]
[Black "Konopka, Michal"]
[Result "1-0"]
[WhiteElo "2295"]
[BlackElo "2455"]

1.d4 Nf6 2.c4 g6 3.Nc3 d5 4.cxd5 Nxd5 5.e4 Nxc3 6.bxc3 Bg7 7.Bb5+ c6 8.Ba4 O-O
9.Ne2 e5 10.O-O Qe7 11.Qc2 Rd8 12.Rd1 Be6 13.Bb3 Nd7 14.Bxe6 Qxe6 15.Bg5 Re8
16.f3 h6 17.Be3 Nb6 18.Qb3 exd4 19.cxd4 Nc4 20.Nf4  1-0

[Event "Torino op"]
[Site "Torino"]
[Date "1994.??.??"]
[Round "?"]
[White "Naumkin, Igor"]
[Black "Sarno, Spartaco"]
[Result "1-0"]
[WhiteElo "2455"]
[BlackElo "2395"]

1.d4 Nf6 2.c4 g6 3.Nc3 d5 4.cxd5 Nxd5 5.e4 Nxc3 6.bxc3 Bg7 7.Bc4 c5 8.Ne2 Nc6
9.Be3 O-O 10.O-O Qc7 11.Rc1 Rd8 12.Bf4 Qd7 13.d5 Na5 14.Bd3 e5 15.Be3 b6
16.f4 exf4 17.Bxf4 Qe7 18.Qd2 Bg4 19.Ng3 Nb7 20.Bg5 f6 21.Bf4 Kh8 22.h3 Be6
23.c4 g5 24.Be3 Bd7 25.Rce1 Nd6 26.e5 Qxe5 27.Nh5 Ne4 28.Bxe4 Qxe4 29.Nxg7 Qxc4
30.Nh5 Bb5 31.Qb2  1-0

[Event "Balkaniad"]
[Site "Varna"]
[Date "1994.??.??"]
[Round "4"]
[White "Ionescu, Constantin"]
[Black "Zadrima, Aldo"]
[Result "1-0"]
[WhiteElo "2440"]
[BlackElo "2260"]

1.d4 Nf6 2.c4 g6 3.Nc3 d5 4.cxd5 Nxd5 5.e4 Nxc3 6.bxc3 Bg7 7.Bb5+ c6 8.Ba4 O-O
9.Ne2 Nd7 10.O-O b5 11.Bb3 Bb7 12.Bg5 c5 13.d5 Qb6 14.Qd2 Nf6 15.Ng3 c4 16.Bc2 e6
17.Be3 Qd6 18.dxe6 Qxe6 19.f3 Rfd8 20.Qf2 Nd7 21.Ne2 a6 22.Rab1 Ne5 23.Nd4 Qe8
24.Bg5 Rdc8 25.Rfd1 Rc7 26.a4 bxa4 27.Bf4 a3 28.Qg3 Bc6 29.Ra1 Qe7 30.Bc1 Rcc8
31.Bxa3 Qe8 32.Bb4 Bb7 33.Kh1 Nc6 34.Ba4 h6 35.Bd6 Qd8 36.Ne2 Qf6 37.Rab1 Na5
38.e5 Qf5 39.Nd4 Qh5 40.Rb6 Bd5 41.Ne2 Bc6 42.Bc2 Qg5 43.Nd4 Qxg3 44.hxg3 Be8
45.Ra1 Nb3 46.Raxa6 Rxa6 47.Rxa6 Nc5 48.Ra7 Nd3 49.f4 h5 50.Kh2 Bh6 51.Bd1 Nf2
52.Bf3 Ng4+ 53.Kg1 Bf8 54.Ra8 Rxa8 55.Bxa8 Bd7 56.Bxf8 Kxf8 57.Kf1 Ke7 58.Ke2 Bc8
59.Bd5 Ba6 60.Nc6+ Ke8 61.Na5 f6 62.Bxc4 Bxc4+ 63.Nxc4 Ke7 64.Ne3  1-0

[Event "LTU-ch  Vilnius"]
[Site "Vilnius"]
[Date "1994.??.??"]
[Round "3"]
[White "Sakalauskas, Vaidas"]
[Black "Malisauskas, Vidmantas"]
[Result "1/2-1/2"]
[WhiteElo "2380"]
[BlackElo "2525"]

1.d4 Nf6 2.c4 g6 3.Nc3 d5 4.cxd5 Nxd5 5.e4 Nxc3 6.bxc3 Bg7 7.Bc4 c5 8.Ne2 O-O
9.Be3 Nc6 10.Rc1 Bd7 11.h4 Qa5 12.Kf1 cxd4 13.cxd4 Rfc8 14.h5 Nd8 15.f4 Bb5
16.Bb3 Rxc1 17.Qxc1 Qa6 18.Qd2 Nc6 19.d5 Na5 20.hxg6 hxg6 21.Kf2 Nc4 22.Bxc4 Bxc4
23.Nc3 b5 24.Bd4 b4 25.Bxg7 Kxg7 26.Rc1 Kg8 27.Ne2 Qxa2 28.Rc2 Qa6 29.Qxb4 Bd3
30.Rd2 Bxe2 31.Rxe2 Qf6 32.e5 Qh4+ 33.Kg1 Rc8 34.Qd2 Rb8 35.Qc1 Qg4 36.Re1 Rb4
37.d6 exd6 38.exd6 Rd4 39.Qc3 Rd1 40.Qe3 Rxe1+ 41.Qxe1 Qxf4 42.Qe8+ Kg7 43.d7 Qd4+
44.Kf1 Qd1+ 45.Kf2 Qd2+ 46.Kg3 Qg5+ 47.Kf3 Qd5+ 48.Ke3 Qc5+ 49.Ke4 Qc4+  1/2-1/2

[Event "LTU-ch  Vilnius"]
[Site "Vilnius"]
[Date "1994.??.??"]
[Round "7"]
[White "Piesina, Gintautas"]
[Black "Zagorskis, Darius"]
[Result "1-0"]
[WhiteElo "2375"]
[BlackElo "2450"]

1.d4 Nf6 2.c4 g6 3.Nc3 d5 4.cxd5 Nxd5 5.e4 Nxc3 6.bxc3 Bg7 7.Nf3 O-O 8.Be2 b6
9.O-O Bb7 10.Qd3 Nd7 11.Bg5 c5 12.Rac1 Rc8 13.d5 Qe8 14.Rfd1 Nf6 15.Nd2 h6
16.Bh4 Rd8 17.c4 e5 18.a4 a5 19.Ra1 Rd6 20.Nb1 Nd7 21.Nc3 Ba6 22.Bg4 Nf6
23.h3 h5 24.Be2 Nd7 25.Re1 f5 26.exf5 gxf5 27.Qd1 e4 28.Bxh5 Qe5 29.Ra3 Nf6
30.Be2 Bh6 31.Bf1 Re8 32.Qc2 Bc8 33.Nb5 Rd7 34.Rg3+ Kh7 35.Qd1 f4 36.Bxf6 Qxf6
37.Rb3 Rg7 38.Nc3 Qg6 39.Nxe4 Rge7 40.d6 Rxe4 41.Rxe4 Rxe4 42.d7 Bxd7 43.Qxd7+ Kh8
44.Bd3 Re1+ 45.Kh2 Qg7 46.Qd8+ Qg8 47.Qf6+ Qg7 48.Qxb6 Bg5 49.Qxc5  1-0

[Event "LTU-ch  Vilnius"]
[Site "Vilnius"]
[Date "1994.??.??"]
[Round "7"]
[White "Kaunas, Kestutis"]
[Black "Sakalauskas, Vaidas"]
[Result "1-0"]
[WhiteElo "2325"]
[BlackElo "2380"]

1.d4 Nf6 2.c4 g6 3.Nc3 d5 4.cxd5 Nxd5 5.e4 Nxc3 6.bxc3 Bg7 7.Qa4+ Nd7 8.Nf3 O-O
9.Be2 Nf6 10.e5 Nd5 11.Qa3 Bg4 12.h3 Bxf3 13.Bxf3 e6 14.Rb1 c5 15.Rxb7 Qc8
16.Rb5 cxd4 17.Bxd5 exd5 18.cxd4 f6 19.O-O fxe5 20.dxe5 Bxe5 21.Rxd5 Qe6
22.Qb3 Bg7 23.Be3 Rab8 24.Qd3 Rb7 25.Rd1 Rff7 26.a4 Qc6 27.Qe4 Rf8 28.Rc1 Re8
29.Rxc6 Rxe4 30.Ra6 Ree7 31.g4 Kf7 32.Rb5 Rbc7 33.Rb8 Rc4 34.Ra8 Bd4 35.Bxd4 Rxd4
36.R8xa7 g5 37.Rxe7+ Kxe7 38.Rh6 Rxa4 39.Kg2 Kf7 40.Rxh7+ Kg6 41.Rh8 Rb4
42.Kg3 Kg7 43.Rh5 Kg6 44.h4 Rb3+ 45.f3 gxh4+ 46.Rxh4  1-0

[Event "LTU-ch  Vilnius"]
[Site "Vilnius"]
[Date "1994.??.??"]
[Round "13"]
[White "Grabliauskas, Virginijus"]
[Black "Piesina, Gintautas"]
[Result "1/2-1/2"]
[WhiteElo "2340"]
[BlackElo "2375"]

1.d4 Nf6 2.c4 g6 3.Nc3 d5 4.cxd5 Nxd5 5.e4 Nxc3 6.bxc3 Bg7 7.Bb5+ c6 8.Ba4 b5
9.Bb3 b4 10.Qf3 O-O 11.e5 bxc3 12.Qxc3 Nd7 13.f4 Bb7 14.Nf3 e6 15.O-O c5
16.dxc5 Qc7 17.Be3 Rfc8 18.Rac1 Bf8 19.c6 Qxc6 20.Qxc6 Bxc6 21.Nd4 Bc5 22.Kf2 Bd5
23.Bxd5 exd5 24.Nb3 Ba3 25.Rxc8+ Rxc8 26.Rd1 Nb6 27.g4 Rc4 28.Bd4 Ra4 29.Rd2 Nc4
30.Re2 Be7 31.f5 Na5 32.Be3 Nxb3 33.axb3 Rxg4 34.f6 Bb4 35.Rc2 h5 36.Rc8+ Kh7
37.Rc7 g5 38.Rxf7+ Kg6 39.Rg7+ Kf5 40.h3 Re4 41.Rxg5+ Ke6 42.Kf3 Rxe5 43.Rxe5+ Kxe5
44.f7 Ke6 45.Bxa7 Kxf7 46.Kf4 Ke6 47.Kg5 Ke5 48.Kxh5 Kf5 49.h4 Bc3 50.Bc5 d4
51.Bxd4 Bxd4 52.b4 Ke6  1/2-1/2

[Event "Vladivostok"]
[Site "Vladivostok"]
[Date "1994.??.??"]
[Round "7"]
[White "Kiselev, Sergey"]
[Black "Semeniuk, Alexander A"]
[Result "1/2-1/2"]
[WhiteElo "2460"]
[BlackElo "2415"]

1.d4 Nf6 2.c4 g6 3.Nc3 d5 4.cxd5 Nxd5 5.e4 Nxc3 6.bxc3 Bg7 7.Bb5+ c6 8.Ba4 O-O
9.Ne2 b6 10.Be3 Ba6 11.Qd2 Qc8 12.O-O c5 13.Rfd1 Nc6 14.Nf4 Rd8 15.Bxc6  1/2-1/2

[Event "Vladivostok"]
[Site "Vladivostok"]
[Date "1994.??.??"]
[Round "8"]
[White "Ryskin, Alexander"]
[Black "Semeniuk, Alexander A"]
[Result "0-1"]
[WhiteElo "2515"]
[BlackElo "2415"]

1.d4 Nf6 2.c4 g6 3.Nc3 d5 4.cxd5 Nxd5 5.e4 Nxc3 6.bxc3 Bg7 7.Bb5+ c6 8.Ba4 O-O
9.Ne2 b6 10.O-O Ba6 11.Bb3 Qc8 12.Bg5 Qg4 13.Bxe7 Bxe2 14.f3 Bxd1 15.fxg4 Bxb3
16.Bxf8 Bc4  0-1

[Event "Volgograd"]
[Site "Volgograd"]
[Date "1994.??.??"]
[Round "7"]
[White "Volzhin, Alexander"]
[Black "Yandemirov, Valeri"]
[Result "0-1"]
[WhiteElo "2410"]
[BlackElo "2510"]

1.d4 Nf6 2.c4 g6 3.Nc3 d5 4.cxd5 Nxd5 5.e4 Nxc3 6.bxc3 Bg7 7.Nf3 c5 8.Rb1 O-O
9.Be2 Nc6 10.d5 Ne5 11.Nxe5 Bxe5 12.Qd2 e6 13.f4 Bg7 14.dxe6 Bxe6 15.O-O Qxd2
16.Bxd2 Rfd8 17.Rb2 Rxd2 18.Rxd2 Bxc3 19.Rc2 Bd4+ 20.Kh1 a6 21.f5 gxf5 22.exf5 Bd5
23.Bf3 Bxf3 24.Rxf3 b5 25.g4 b4 26.Kg2 a5 27.Rd3 a4 28.Rc4 b3 29.axb3 a3
30.Rcxd4 cxd4 31.Rd1 d3 32.Kf2 d2 33.Ke2 Re8+ 34.Kf2 a2  0-1

[Event "Wattens op"]
[Site "Wattens"]
[Date "1994.??.??"]
[Round "6"]
[White "Schmied, Roman"]
[Black "Spiegel, Wilfried"]
[Result "1/2-1/2"]
[WhiteElo "1915"]
[BlackElo "2210"]

1.d4 Nf6 2.c4 g6 3.Nc3 d5 4.cxd5 Nxd5 5.e4 Nxc3 6.bxc3 Bg7 7.Nf3 c5 8.Rb1 O-O
9.Qd2 Qc7 10.d5 Rd8 11.Bc4 Nc6 12.O-O Na5 13.Be2 Bg4 14.Qe3 Bxf3 15.Qxf3  1/2-1/2

[Event "Werfen op"]
[Site "Werfen"]
[Date "1994.??.??"]
[Round "?"]
[White "Piven, Igor"]
[Black "Donegani, Hans Peter"]
[Result "1-0"]
[WhiteElo "2320"]
[BlackElo "1970"]

1.d4 Nf6 2.c4 g6 3.Nc3 d5 4.cxd5 Nxd5 5.e4 Nxc3 6.bxc3 Bg7 7.Be3 c5 8.Qd2 Qa5
9.Rb1 b6 10.Bb5+ Bd7 11.Bd3 Nc6 12.Ne2 cxd4 13.cxd4 Qxd2+ 14.Kxd2 e6 15.Rhc1 Ke7
16.Bb5 Rhc8 17.Ba6 Rcb8 18.Bf4 e5 19.Bg5+ f6 20.d5 Na5 21.Be3 Kd6 22.Nc3 Rf8
23.Nb5+ Bxb5 24.Rxb5 Rf7 25.Rb2 f5 26.f3 fxe4 27.fxe4 Bf6 28.Kd3 Raf8 29.Bd2 Bd8
30.Bb4+  1-0

[Event "ARM-ch"]
[Site "Yerevan"]
[Date "1994.??.??"]
[Round "?"]
[White "Mirumian, Vigen"]
[Black "Stambulin, A."]
[Result "1/2-1/2"]
[WhiteElo "2290"]
[BlackElo "2205"]

1.d4 Nf6 2.c4 g6 3.Nc3 d5 4.cxd5 Nxd5 5.e4 Nxc3 6.bxc3 Bg7 7.Qa4+ Qd7 8.Qxd7+ Nxd7
9.Bd3 c5 10.Be3 b6 11.Ne2 Bb7 12.O-O O-O 13.Rad1 Rac8 14.e5 Rfd8 15.f4 cxd4
16.cxd4 Bh6 17.Bf2 Bd5 18.Bh4 f6 19.Rc1 fxe5 20.Bxe7 Rxc1 21.Rxc1 Re8 22.Bd6 exd4
23.Nxd4  1/2-1/2

[Event "Zalakaros op"]
[Site "Zalakaros"]
[Date "1994.??.??"]
[Round "1"]
[White "Jankovits, Istvan"]
[Black "Banas, Jan"]
[Result "0-1"]
[WhiteElo "2020"]
[BlackElo "2390"]

1.d4 Nf6 2.c4 g6 3.Nc3 d5 4.cxd5 Nxd5 5.e4 Nxc3 6.bxc3 Bg7 7.Bc4 O-O 8.Be3 c5
9.Ne2 Nc6 10.Qd2 Qa5 11.Rd1 Rd8 12.O-O Bg4 13.f3 Bd7 14.Bh6 b5 15.Bd5 e6
16.Bxg7 Kxg7 17.Bxc6 Bxc6 18.Qg5 cxd4 19.cxd4 Qb6 20.Ng3 Kg8 21.Qf6 Rd7 22.Rf2 Rad8
23.Rfd2 b4 24.Ne2 Ba4 25.Rc1 Bb5 26.Kf2 a5 27.Rcd1 h5 28.h4 Bxe2 29.Kxe2 a4
30.Ke3 Rc8 31.Kf4 Qd6+ 32.Kg5 b3 33.axb3 axb3 34.d5 Kh7 35.g4 Qf8 36.gxh5 Qh6+
37.Kg4 gxh5+ 38.Kh3 Qxf6  0-1

[Event "Zalakaros op"]
[Site "Zalakaros"]
[Date "1994.??.??"]
[Round "5"]
[White "Marton, Istvan"]
[Black "Banas, Jan"]
[Result "0-1"]
[WhiteElo "2245"]
[BlackElo "2390"]

1.d4 Nf6 2.c4 g6 3.Nc3 d5 4.cxd5 Nxd5 5.e4 Nxc3 6.bxc3 Bg7 7.Bc4 O-O 8.Ne2 c5
9.O-O Nc6 10.Be3 Na5 11.Bd3 b6 12.Rc1 e6 13.dxc5 Qc7 14.cxb6 axb6 15.a4 Nc4
16.Bxc4 Qxc4 17.Bxb6 Rxa4 18.f3 Ba6 19.Re1 Rb8 20.Bd4 Rb2 21.Bxg7 Kxg7 22.Nd4 Raa2
23.Rc2 Qxc3 24.Nxe6+ fxe6 25.Qd7+ Kh6  0-1

[Event "Zalakaros op"]
[Site "Zalakaros"]
[Date "1994.??.??"]
[Round "6"]
[White "Zimmerman, Yuri"]
[Black "Gyorkos, Lajos"]
[Result "0-1"]
[WhiteElo "2345"]
[BlackElo "2395"]

1.d4 Nf6 2.c4 g6 3.Nc3 d5 4.cxd5 Nxd5 5.e4 Nxc3 6.bxc3 Bg7 7.Nf3 O-O 8.Rb1 b6
9.Be2 Bb7 10.Qd3 c5 11.d5 Nd7 12.c4 Ne5 13.Nxe5 Bxe5 14.Be3 e6 15.f4 Bg7
16.Bf3 exd5 17.cxd5 Re8 18.Kf2 Qd7 19.Qc4 Rad8 20.a4 g5 21.f5 Qe7 22.Rhe1 g4
23.Bxg4 Qh4+ 24.Kf3 h5 25.Bh3 Bxd5 26.Bg5 Bxc4 27.Bxh4 Rd3+ 28.Re3 Rxe3+
29.Kxe3 Bd5 30.f6 Rxe4+ 31.Kf2 Rxh4 32.fxg7 Rxa4 33.Re1 Re4 34.Rd1 Re5 35.Ra1 Re7
36.Rd1 Be6 37.Bxe6 Rxe6 38.Rd5 h4 39.Rh5 Re4  0-1

[Event "Zalakaros op"]
[Site "Zalakaros"]
[Date "1994.??.??"]
[Round "7"]
[White "Gyimesi, Zoltan"]
[Black "Fogarasi, Tibor"]
[Result "1/2-1/2"]
[WhiteElo "2360"]
[BlackElo "2415"]

1.d4 Nf6 2.c4 g6 3.Nc3 d5 4.cxd5 Nxd5 5.e4 Nxc3 6.bxc3 Bg7 7.Bb5+ c6 8.Ba4 O-O
9.Ne2 e5 10.O-O Re8 11.d5 b5 12.Bb3 Bb7 13.a4 a6 14.axb5 axb5 15.Rxa8 Bxa8
16.Be3 cxd5 17.exd5 Nd7 18.Qa1 Bb7 19.Qa7 Qc7 20.Ra1 Bf8 21.Qa5 Qxa5 22.Rxa5 Ra8
23.Rxa8 Bxa8 24.c4 bxc4 25.Bxc4 Bb4 26.Bb5 Nf6 27.Bc6 Bxc6 28.dxc6 Nd5 29.f4 Bd6
30.fxe5 Bxe5 31.Bd4 Bd6 32.Bf2 Kf8  1/2-1/2

[Event "Ibercaja op"]
[Site "Zaragoza"]
[Date "1994.??.??"]
[Round "5"]
[White "Palacios Perez, Manuel"]
[Black "Fernandez Garcia, Jose L"]
[Result "1/2-1/2"]
[WhiteElo "2185"]
[BlackElo "2455"]

1.d4 Nf6 2.c4 g6 3.Nc3 d5 4.cxd5 Nxd5 5.e4 Nxc3 6.bxc3 Bg7 7.Bc4 c5 8.Ne2 Nc6
9.Be3 O-O 10.Rc1 cxd4 11.cxd4 Qa5+ 12.Kf1 Bd7 13.h4 Rfc8 14.h5 e5 15.hxg6 hxg6
16.Qb3 Be8 17.d5 Nd4 18.Nxd4 exd4 19.Bf4 Rxc4 20.Rxc4 Bb5 21.Ke2 Rc8 22.Rc1 Qa6
23.Kd3 Rxc4 24.Rxc4 Bxc4+ 25.Qxc4 b5 26.Qb3  1/2-1/2

[Event "Aceimar op"]
[Site "Aceimar"]
[Date "1995.??.??"]
[Round "?"]
[White "Del Rey, Diego"]
[Black "De la Villa Garcia, Jesus Maria"]
[Result "1/2-1/2"]
[WhiteElo "2340"]
[BlackElo "2500"]

1.d4 Nf6 2.c4 g6 3.Nc3 d5 4.cxd5 Nxd5 5.e4 Nxc3 6.bxc3 Bg7 7.Bc4 O-O 8.Ne2 Nc6
9.O-O e5 10.d5 Na5 11.Bd3 b6 12.f4 exf4 13.Bxf4 Bg4 14.h3 Bxe2 15.Qxe2 Qe7
16.Rac1 Be5 17.Qg4 Bxf4 18.Qxf4 Rae8 19.Kh1 Qe5 20.Qd2 Nb7 21.Rce1 Nc5 22.Bc2 Re7
23.Rf4 Qg5 24.Qf2 Nd7 25.Rf1 Ne5 26.Qd4 Rd8 27.Qa4 a5 28.Qb3 Qg3 29.c4 Qxb3
30.axb3 Nd7 31.Kg1 Rde8 32.h4 Kg7 33.R1f2 h6 34.g3 g5 35.R4f3 Ne5 36.Rc3 c5
37.dxc6 Nxc6 38.hxg5 hxg5 39.Rd2 Re5 40.Rf3 Nb4 41.Bb1 R8e6 42.Rdf2 f6 43.Rd2 Kf7
44.Rf1 Na6 45.Rd7+ Re7 46.Rd6 R7e6 47.Rd7+ Re7 48.Rd6 R5e6 49.Rd5 Nc5 50.Bc2 Nxe4
51.Bxe4 Rxe4 52.Rxg5 Re3 53.Rb5 Rxg3+ 54.Kf2 Ree3 55.Rxb6 Rxb3 56.Rxb3 Rxb3
57.Ra1 Rc3 58.Rxa5 Rxc4 59.Rb5 Kg6 60.Kf3 f5 61.Rb8  1/2-1/2

[Event "Agios Nikolaos op"]
[Site "Agios Nikolaos"]
[Date "1995.??.??"]
[Round "1"]
[White "Nenashev, Alexander"]
[Black "Pandavos, Panayotis"]
[Result "1-0"]
[WhiteElo "2605"]
[BlackElo "2410"]

1.d4 Nf6 2.c4 g6 3.Nc3 d5 4.cxd5 Nxd5 5.e4 Nxc3 6.bxc3 Bg7 7.Bc4 c5 8.Ne2 O-O
9.O-O Nc6 10.Be3 Qa5 11.Rb1 a6 12.Bd5 cxd4 13.cxd4 e6 14.Bxc6 bxc6 15.Qc2 Bd7
16.Rb7 Bc8 17.Rb3 Bd7 18.Rc3 Rab8 19.Nc1 e5 20.Rc5 Rb5 21.dxe5 Bxe5 22.Nd3 Bg7
23.a4 Rxc5 24.Nxc5 Bc8 25.Rb1 Qc7 26.Qc4 a5 27.Bd4 Bxd4 28.Qxd4 Rd8 29.Qc3 Qb8
30.Qe1 Qa7 31.Qc1 Re8 32.Qc3 Qc7 33.Rd1 Be6 34.h3 h6 35.Qf6 Qe7 36.Qxe7 Rxe7
37.Rd6 Bc4 38.Rxc6 Re5 39.f4 Re7 40.Rc8+ Kg7 41.Ra8 g5  1-0

[Event "Agios Nikolaos op"]
[Site "Agios Nikolaos"]
[Date "1995.??.??"]
[Round "5"]
[White "Kalesis, Nikolaos"]
[Black "Mikhalevski, Victor"]
[Result "0-1"]
[WhiteElo "2410"]
[BlackElo "2525"]

1.d4 Nf6 2.c4 g6 3.Nc3 d5 4.cxd5 Nxd5 5.e4 Nxc3 6.bxc3 Bg7 7.Bc4 c5 8.Ne2 Nc6
9.Be3 cxd4 10.cxd4 Qa5+ 11.Bd2 Qd8 12.Be3 Qa5+ 13.Bd2 Qh5 14.Be3 Qg4 15.Ng3 O-O
16.f3 Qd7 17.Bb5 Bxd4 18.Bxc6 Bc3+ 19.Kf2 bxc6 20.Rc1 Ba5 21.Qa4 Bd2 22.Rxc6 Bxe3+
23.Kxe3 Rd8 24.Qc2 Qd4+ 25.Ke2 Bb7 26.Rc3 Rac8 27.Rxc8 Bxc8 28.Nf1 Ba6+ 29.Ke1 Bxf1
30.Rxf1 Qe3+  0-1

[Event "Donau op"]
[Site "Aschach"]
[Date "1995.??.??"]
[Round "6"]
[White "Ruether, Rudolf"]
[Black "Konopka, Michal"]
[Result "0-1"]
[WhiteElo "2090"]
[BlackElo "2420"]

1.d4 Nf6 2.c4 g6 3.Nc3 d5 4.cxd5 Nxd5 5.e4 Nxc3 6.bxc3 Bg7 7.Bc4 c5 8.Ne2 Nc6
9.Be3 O-O 10.O-O Bd7 11.Qd2 Qa5 12.Rad1 cxd4 13.cxd4 b5 14.Bd3 Rfc8 15.Bb1 Qxd2
16.Rxd2 Na5 17.Bg5 Kf8 18.f4 Bg4 19.Ng3 h6 20.Bh4 Nc4 21.Rd3 b4 22.h3 Bd7
23.e5 a5 24.Ne4 Na3 25.Rxa3 bxa3 26.Nc5 Ke8 27.Rf3 e6 28.Rxa3 Bf8 29.Bf2 Bc6
30.Bd3 Bxc5 31.dxc5 Rd8 32.g4 a4 33.f5 gxf5 34.gxf5 Rab8 35.fxe6 fxe6 36.Be3 Rb2
37.Bf2 Kf7 38.h4 Rg8+ 39.Kf1 Rg2 40.Be2 Rh2 41.Bh5+  0-1